Normal view
MARC view
- Laboratory Manual.
Entry Genre/Form Term
001 - CONTROL NUMBER
- control field: 18952
003 - CONTROL NUMBER IDENTIFIER
- control field: NUST
005 - DATE AND TIME OF LATEST TRANSACTION
- control field: 20190801053617.0
008 - FIXED-LENGTH DATA ELEMENTS
- fixed length control field: 190801|| aca||aabn | a|a d
040 ## - CATALOGING SOURCE
- Original cataloging agency: NUST
- Transcribing agency: NUST
155 ## - HEADING--GENRE/FORM TERM
- Genre/form term: Laboratory Manual.
670 ## - SOURCE DATA FOUND
- Source citation: Work cat.: (NUST)0: Standard methods for the examination of water and wastewater :, ©2017-
